15 największych miast Turcji - Statystyki

Ogólne statystyki
  • Ten quiz został rozwiązany 86 razy
  • Średni wynik to 7 z 15
Statystyki odpowiedzi
Ludność Miasto % Poprawnych
15 655 924 Stambuł
100%
5 803 482 Ankara
99%
4 479 525 Izmir
79%
2 696 249 Antalya
75%
3 214 571 Bursa
65%
2 320 241 Konya
62%
2 164 134 Gaziantep
44%
2 270 298 Adana
43%
1 938 389 Mersin
24%
1 445 683 Kayseri
22%
1 818 133 Diyarbakır
19%
1 475 716 Manisa
12%
1 544 640 Hatay
7%
2 102 907 Kocaeli
7%
2 213 964 Şanlıurfa
4%
Nie znaleziono quizów pasujących do podanych kryteriów
Rozkład punktacji
Procent ludzi z każdym wynikiem
Percentyl według liczby udzielonych odpowiedzi
Twoja historia wyników
Nie rozwiązałeś tego quizu